Federated States of Micronesia City Quiz - Statistics

General Stats
  • This quiz has been taken 7 times
  • The average score is 2 of 6
Answer Stats
City % Correct
Palikir
100%
Kolonia
50%
Weno
50%
Madolenihmw
25%
Kitti
0%
Nett
0%
No matching quizzes found
Score Distribution
Percent of People with Each Score
Percentile by Number Answered
Your Score History
You have not taken this quiz